Welcome to Marium Abdulla Library

Embrace knowledge with a breath of fresh air.

Browse Collection

Marium Abdulla Library

Annals of heaven and hell (Record no. 4926)

MARC details
000 -LEADER
fixed length control field 00368nam a2200169Ia 4500
001 - CONTROL NUMBER
control field 3690
005 - DATE AND TIME OF LATEST TRANSACTION
control field 20250626025534.0
008 - FIXED-LENGTH DATA ELEMENTS--GENERAL INFORMATION
fixed length control field 211022s9999 xx 000 0 und d
082 ## - DEWEY DECIMAL CLASSIFICATION NUMBER
Classification number 700 KHU
100 ## - MAIN ENTRY--PERSONAL NAME
Personal name Khurrum Khan
245 #0 - TITLE STATEMENT
Title Annals of heaven and hell
260 ## - PUBLICATION, DISTRIBUTION, ETC.
Place of publication, distribution, etc. Karachi
260 ## - PUBLICATION, DISTRIBUTION, ETC.
Name of publisher, distributor, etc. Indus Valley School
260 ## - PUBLICATION, DISTRIBUTION, ETC.
Date of publication, distribution, etc. 1999
300 ## - PHYSICAL DESCRIPTION
Extent 38
942 ## - ADDED ENTRY ELEMENTS (KOHA)
Koha item type Dissertation
Holdings
Date last seen Total checkouts Full call number Barcode Price effective from Koha item type Lost status Damaged status Not for loan Collection Withdrawn status Home library Current library Shelving location Date acquired Source of acquisition Cost, normal purchase price
10/26/2021   700 KHU 3690 10/26/2021 Dissertation       Fine Arts   Marium Abdulla Library Marium Abdulla Library Dissertation 03/03/2008 Indus Valley School 800.00